[Event "Icelandic Team Championship 2019-21 - 2"]
[Site "Reykjavik"]
[Date "2021.05.15"]
[Round "5.1"]
[White "Brynjarsson, Helgi"]
[Black "Finnbogadottir, Tinna Kristin"]
[Result "1-0"]
[WhiteElo "2087"]
[BlackElo "1829"]
[PlyCount "111"]
[EventDate "2019.10.04"]
[WhiteTeam "Hrókar alls fagnaðar"]
[BlackTeam "Skákdeild Fjölnis-b"]

1. e4 c5 2. Nc3 g6 3. f4 Bg7 4. Nf3 Nc6 5. d3 d6 6. Ne2 Bd7 7. c3 e5 8. h3 h5
9. g3 Qe7 10. Be3 Nf6 11. Bg2 b5 12. O-O Rd8 13. Qc2 d5 14. fxe5 Nxe5 15. Nxe5
Qxe5 16. Bxc5 dxe4 17. d4 Qg5 18. Rf4 Be6 19. h4 Qd5 20. Bxe4 Nxe4 21. Qxe4 Qd7
22. Rd1 f5 23. Qc2 Kf7 24. b3 Rhe8 25. c4 bxc4 26. bxc4 Qc7 27. Kf2 Kg8 28. Rf3
Bc8 29. Nf4 Bb7 30. Ra3 Qc6 31. Bxa7 Re4 32. d5 Qc7 33. Be3 Rxc4 34. Qd3 Kh7
35. Ne6 Rc2+ 36. Rd2 Rxd2+ 37. Qxd2 Qc8 38. Nxd8 Qxd8 39. Ra7 Qc8 40. d6 Qc6
41. Rxb7 Qxb7 42. d7 Qh1 43. d8=Q Qh2+ 44. Kf1 Qh1+ 45. Ke2 Qg2+ 46. Kd1 Qf3+
47. Kc2 Qc6+ 48. Kb3 Qb7+ 49. Bb6 Qf3+ 50. Q2d3 Qg2 51. Bd4 Qb7+ 52. Qb6 Qd5+
53. Qc4 Qf3+ 54. Kb4 Bxd4 55. Qcxd4 Qxg3 56. Qa7+ 1-0

[Event "Icelandic Team Championship 2019-21 - 2"]
[Site "Reykjavik"]
[Date "2021.05.15"]
[Round "5.1"]
[White "Hauksdottir, Hrund"]
[Black "Sigurdsson, Birkir Karl"]
[Result "1/2-1/2"]
[WhiteElo "1753"]
[BlackElo "1942"]
[PlyCount "40"]
[EventDate "2019.10.04"]
[WhiteTeam "Skákdeild Fjölnis-b"]
[BlackTeam "Hrókar alls fagnaðar"]

1. e4 e6 2. d4 d5 3. exd5 exd5 4. Bd3 Bd6 5. Ne2 Nf6 6. c3 c6 7. Bf4 Bg4 8. f3
Bh5 9. Nd2 O-O 10. O-O Re8 11. Bxd6 Qxd6 12. Re1 Nbd7 13. Nf1 Bg6 14. Bxg6 hxg6
15. Qd2 Re7 16. Nf4 Rae8 17. Nd3 Qc7 18. Rxe7 Rxe7 19. Re1 Rxe1 20. Qxe1 Qd6
1/2-1/2

[Event "Icelandic Team Championship 2019-21 - 2"]
[Site "Reykjavik"]
[Date "2021.05.15"]
[Round "5.1"]
[White "Mogensen, Asgeir"]
[Black "Finnsson, Johann Arnar"]
[Result "1-0"]
[WhiteElo "1879"]
[BlackElo "1747"]
[PlyCount "65"]
[EventDate "2019.10.04"]
[WhiteTeam "Hrókar alls fagnaðar"]
[BlackTeam "Skákdeild Fjölnis-b"]

1. d4 g6 2. c4 Bg7 3. Nf3 c6 4. e4 d5 5. e5 f6 6. cxd5 cxd5 7. Bb5+ Bd7 8. Qa4
Bxb5 9. Qxb5+ Qd7 10. Nc3 Qxb5 11. Nxb5 Na6 12. e6 Nh6 13. Bd2 O-O 14. O-O Rfc8
15. Rac1 Rc6 16. Rxc6 bxc6 17. Rc1 cxb5 18. Rc6 Nf5 19. Rxa6 Kf8 20. g4 Nd6 21.
Bb4 Nc4 22. b3 Nb6 23. Bc5 Nc8 24. Ne1 Bh6 25. Nd3 Bd2 26. Kf1 g5 27. Ke2 Bc3
28. f4 h6 29. f5 Rb8 30. b4 Rb7 31. Rc6 Nb6 32. Bxb6 Rxb6 33. Rxc3 1-0

[Event "Icelandic Team Championship 2019-21 - 2"]
[Site "Reykjavik"]
[Date "2021.05.15"]
[Round "5.1"]
[White "Davidsson, Joshua"]
[Black "Ulfsson, Olafur Evert"]
[Result "0-1"]
[WhiteElo "1531"]
[BlackElo "1791"]
[PlyCount "114"]
[EventDate "2019.10.04"]
[WhiteTeam "Skákdeild Fjölnis-b"]
[BlackTeam "Hrókar alls fagnaðar"]

1. d4 e6 2. Bf4 c5 3. e3 Nc6 4. Nf3 Nf6 5. Nc3 Qa5 6. Nd2 cxd4 7. Nb3 Qd8 8.
Nxd4 Bb4 9. Nxc6 bxc6 10. Bg5 h6 11. Bxf6 Qxf6 12. Qd4 Qxd4 13. exd4 O-O 14.
Bd3 Rb8 15. O-O Be7 16. Rab1 Bf6 17. Ne2 c5 18. c3 cxd4 19. Nxd4 Bxd4 20. cxd4
Rb4 21. Rfd1 Ra4 22. a3 Ba6 23. Bxa6 Rxa6 24. Rd3 Rc8 25. g3 Kf8 26. Kg2 Ke7
27. Re1 Rc2 28. b4 Ra2 29. Ree3 Rc6 30. Rc3 Rc2 31. Rxc6 Rxc6 32. d5 Rc2 33.
dxe6 fxe6 34. Re5 d5 35. Re3 d4 36. Re5 Rc6 37. Ra5 a6 38. Kf3 Kf6 39. Ke4 Rd6
40. Kd3 e5 41. f3 g5 42. b5 axb5 43. Rxb5 Ra6 44. Rb3 Kf5 45. f4 gxf4 46. g4+
Kxg4 47. Ke4 Ra4 48. Kxe5 d3 49. Rxd3 f3 50. Rd2 Rxa3 51. Ke4 h5 52. Rd8 h4 53.
Rg8+ Kh3 54. Rf8 Kg2 55. Rh8 f2 56. Rg8+ Kxh2 57. Rf8 Kg1 0-1

[Event "Icelandic Team Championship 2019-21 - 2"]
[Site "Reykjavik"]
[Date "2021.05.15"]
[Round "5.1"]
[White "Ivarsson Schram, Bjorgvin"]
[Black "Johannesson, Kristofer Joel"]
[Result "1-0"]
[WhiteElo "1584"]
[BlackElo "1430"]
[PlyCount "63"]
[EventDate "2019.10.04"]
[WhiteTeam "Hrókar alls fagnaðar"]
[BlackTeam "Skákdeild Fjölnis-b"]

1. e4 e5 2. Nc3 b6 3. Bc4 Bb7 4. Nf3 d6 5. O-O h6 6. d4 Nd7 7. Re1 Ngf6 8. Qd3
Be7 9. Be3 g5 10. Rad1 Nh5 11. dxe5 Nxe5 12. Nxe5 dxe5 13. Qe2 Bd6 14. Qxh5 Qf6
15. Nd5 Qg7 16. Qg4 Bc8 17. Bb5+ Kf8 18. Qf3 Be6 19. a4 Rc8 20. Bc6 Bxd5 21.
Bxd5 Ke7 22. Qf5 Rcd8 23. Rd3 Rhf8 24. Red1 Rh8 25. a5 Rhg8 26. axb6 axb6 27.
Ra1 Rgf8 28. h3 Qh8 29. Ra7 Qg7 30. Bxb6 Rc8 31. Bc6 Rfd8 32. Bxc7 1-0

[Event "Icelandic Team Championship 2019-21 - 2"]
[Site "Reykjavik"]
[Date "2021.05.15"]
[Round "5.1"]
[White "Gunnlaugsson, Arnor"]
[Black "Hilmarsson, Andri Steinn"]
[Result "1-0"]
[WhiteElo "1274"]
[BlackElo "1620"]
[PlyCount "25"]
[EventDate "2019.10.04"]
[WhiteTeam "Skákdeild Fjölnis-b"]
[BlackTeam "Hrókar alls fagnaðar"]

1. e4 d5 2. exd5 Nf6 3. Nc3 Nxd5 4. Nge2 Bg4 5. Nxd5 Qxd5 6. Nc3 Qe5+ 7. Be2 h5
8. d4 Bxe2 9. Qxe2 Qxd4 10. Nb5 Qb6 11. Bf4 Na6 12. O-O-O c6 13. Nd6+ 1-0

[Event "Icelandic Team Championship 2019-21 - 2"]
[Site "Reykjavik"]
[Date "2021.05.15"]
[Round "5.2"]
[White "Hafdisarson, Ingi Thor"]
[Black "Ptacnikova, Lenka"]
[Result "0-1"]
[WhiteElo "1283"]
[BlackElo "2100"]
[PlyCount "74"]
[EventDate "2019.10.04"]
[WhiteTeam "Taflfélag Garðabæjar b-sveit"]
[BlackTeam "Skákfélagið Huginn b-sveit"]

1. d4 Nf6 2. Nc3 d5 3. Bf4 c5 4. e3 e6 5. Nf3 Be7 6. Be2 O-O 7. O-O a6 8. h3 b5
9. a3 Nc6 10. Ne5 Bb7 11. Bf3 Qb6 12. Ne2 Rfd8 13. c3 Rac8 14. Ng3 Nxe5 15.
Bxe5 Nd7 16. dxc5 Nxc5 17. Nh5 f6 18. Bh2 e5 19. Bg4 Rc6 20. Ng3 g6 21. Nf5
gxf5 22. Bxf5 Bf8 23. Qg4+ Kh8 24. Qh5 Qc7 25. g4 Bc8 26. Bc2 Qg7 27. f3 Qh6
28. Qxh6 Bxh6 29. Kf2 Be6 30. Rg1 d4 31. cxd4 exd4 32. exd4 Nb3 33. Bxb3 Bxb3
34. f4 Rc2+ 35. Kg3 Rxd4 36. g5 fxg5 37. fxg5 Bf8 0-1

[Event "Icelandic Team Championship 2019-21 - 2"]
[Site "Reykjavik"]
[Date "2021.05.15"]
[Round "5.3"]
[White "Bjorgvinsson, Andri Freyr"]
[Black "Baldursson, Hrannar"]
[Result "0-1"]
[WhiteElo "2056"]
[BlackElo "2130"]
[PlyCount "38"]
[EventDate "2019.10.04"]
[WhiteTeam "Skákfélag Akureyrar b-sveit"]
[BlackTeam "Skákdeild KR"]

1. d4 c5 2. dxc5 Qa5+ 3. Nc3 Nf6 4. Nf3 e6 5. Bd2 Bxc5 6. Ne4 Nxe4 7. e3 Nxd2
8. Nxd2 Nc6 9. c3 Be7 10. Bd3 d5 11. h4 Bd7 12. a4 Ne5 13. Be2 Rc8 14. g4 Nc4
15. Nb3 Qd8 16. g5 Nxb2 17. Qd4 O-O 18. a5 Qc7 19. Rc1 e5 0-1

[Event "Icelandic Team Championship 2019-21 - 2"]
[Site "Reykjavik"]
[Date "2021.05.15"]
[Round "5.3"]
[White "Bergthorsson, Jon Thor"]
[Black "Haraldsson, Haraldur"]
[Result "1-0"]
[WhiteElo "2143"]
[BlackElo "1993"]
[PlyCount "91"]
[EventDate "2019.10.04"]
[WhiteTeam "Skákdeild KR"]
[BlackTeam "Skákfélag Akureyrar b-sveit"]

1. Nf3 Nf6 2. d4 e6 3. c4 d5 4. Nc3 a6 5. g3 Be7 6. Bg2 O-O 7. O-O c6 8. Ne5
Nfd7 9. Nxd7 Nxd7 10. b3 b5 11. e4 b4 12. Ne2 dxe4 13. Bxe4 Bb7 14. Bb2 Nf6 15.
Bg2 Qc7 16. Nf4 Rfd8 17. Qe2 a5 18. Rfe1 Re8 19. Nd3 a4 20. Rad1 axb3 21. axb3
Ra5 22. Nc5 Bxc5 23. dxc5 Rxc5 24. Be5 Qc8 25. Qe3 Nd7 26. Bd6 Rh5 27. Qa7 e5
28. Bxb4 f5 29. Bd6 e4 30. Qe3 c5 31. Bf4 Nf8 32. Qe2 g6 33. Bf3 Rh3 34. Qf1
exf3 35. Rxe8 Qxe8 36. Qxh3 Be4 37. Qh4 Bc2 38. Rc1 Bxb3 39. Qf6 Nd7 40. Qc3
Ba4 41. Re1 Qf7 42. Bh6 Nf6 43. Qxf3 Ne4 44. Qd3 Bd7 45. f3 Nf6 46. Qd6 1-0

[Event "Icelandic Team Championship 2019-21 - 2"]
[Site "Reykjavik"]
[Date "2021.05.15"]
[Round "5.3"]
[White "Karlsson, Thorleifur"]
[Black "Baldvinsson, Loftur"]
[Result "1/2-1/2"]
[WhiteElo "1982"]
[BlackElo "1933"]
[PlyCount "21"]
[EventDate "2019.10.04"]
[WhiteTeam "Skákfélag Akureyrar b-sveit"]
[BlackTeam "Skákdeild KR"]

1. e4 e6 2. d4 d5 3. Nd2 Nc6 4. Ngf3 Nf6 5. e5 Nd7 6. c4 dxc4 7. Bxc4 Nb6 8.
Bd3 Nxd4 9. O-O Nxf3+ 10. Nxf3 Be7 11. Qe2 1/2-1/2

[Event "Icelandic Team Championship 2019-21 - 2"]
[Site "Reykjavik"]
[Date "2021.05.15"]
[Round "5.3"]
[White "Eymundsson, Eymundur"]
[Black "Jonsson, Olafur Gisli"]
[Result "1/2-1/2"]
[WhiteElo "1636"]
[BlackElo "1812"]
[PlyCount "35"]
[EventDate "2019.10.04"]
[WhiteTeam "Skákfélag Akureyrar b-sveit"]
[BlackTeam "Skákdeild KR"]

1. d4 d5 2. Nf3 Nf6 3. g3 c6 4. Bg2 Bf5 5. O-O e6 6. b3 Be7 7. Bb2 O-O 8. Nbd2
h6 9. Re1 Nbd7 10. Ne5 Qb6 11. Nxd7 Nxd7 12. e4 dxe4 13. Bxe4 Bxe4 14. Rxe4 Nf6
15. Nc4 Qc7 16. Re1 Rad8 17. Qe2 Nd5 18. Ne3 1/2-1/2

[Event "Icelandic Team Championship 2019-21 - 2"]
[Site "Reykjavik"]
[Date "2021.05.15"]
[Round "5.3"]
[White "Gunnarsson, Gunnar K"]
[Black "Stefansson, Benedikt"]
[Result "1/2-1/2"]
[WhiteElo "2015"]
[BlackElo "1475"]
[PlyCount "46"]
[EventDate "2019.10.04"]
[WhiteTeam "Skákdeild KR"]
[BlackTeam "Skákfélag Akureyrar b-sveit"]

1. c4 Nf6 2. Nc3 g6 3. d4 d5 4. cxd5 Nxd5 5. e4 Nxc3 6. bxc3 Bg7 7. Nf3 c5 8.
Be3 O-O 9. Qd2 Qa5 10. Rd1 Be6 11. c4 Qxd2+ 12. Rxd2 cxd4 13. Nxd4 Bd7 14. Be2
Nc6 15. Nb5 Rfd8 16. O-O a6 17. Nc7 Rac8 18. Nd5 Be8 19. Rfd1 Rd7 20. f4 e6 21.
Nb6 Rxd2 22. Rxd2 Rd8 23. Rxd8 Nxd8 1/2-1/2

[Event "Icelandic Team Championship 2019-21 - 2"]
[Site "Reykjavik"]
[Date "2021.05.15"]
[Round "5.4"]
[White "Karlsson, Agust S"]
[Black "Thorsteinsson, Thorsteinn"]
[Result "1/2-1/2"]
[WhiteElo "2275"]
[BlackElo "2268"]
[PlyCount "22"]
[EventDate "2019.10.04"]
[WhiteTeam "Skákdeild Hauka"]
[BlackTeam "Taflfélag Vestmannaeyja"]

1. e4 c5 2. Nf3 Nc6 3. Bb5 g6 4. O-O Bg7 5. Re1 e5 6. c3 Nge7 7. d3 O-O 8. Be3
d6 9. a4 h6 10. d4 cxd4 11. cxd4 Bg4 1/2-1/2

[Event "Icelandic Team Championship 2019-21 - 2"]
[Site "Reykjavik"]
[Date "2021.05.15"]
[Round "5.4"]
[White "Gudmundsson, Kristjan"]
[Black "Asgeirsson, Heimir"]
[Result "1-0"]
[WhiteElo "2236"]
[BlackElo "2202"]
[PlyCount "101"]
[EventDate "2019.10.04"]
[WhiteTeam "Taflfélag Vestmannaeyja"]
[BlackTeam "Skákdeild Hauka"]

1. Nf3 Nf6 2. g3 d5 3. Bg2 e6 4. O-O Be7 5. d3 O-O 6. Nbd2 c5 7. e4 b6 8. Re1
Bb7 9. e5 Nfd7 10. h4 Nc6 11. Nf1 Re8 12. Bh3 Nf8 13. h5 f6 14. h6 g6 15. exf6
Bxf6 16. N1h2 e5 17. Ng4 Bh8 18. c3 Bc8 19. Ng5 Ne6 20. f4 Nxg5 21. fxg5 Bf5
22. Bg2 Qd6 23. Be3 Rad8 24. Kh2 e4 25. dxe4 Bxe4 26. Bf4 Qe6 27. Nf2 Ne5 28.
Qe2 Bxg2 29. Kxg2 d4 30. cxd4 cxd4 31. Bxe5 Qd5+ 32. Qe4 Rxe5 33. Qxd5+ Rdxd5
34. Nd3 Re3 35. Rac1 Rxe1 36. Nxe1 Be5 37. Rc8+ Kf7 38. Nd3 Bd6 39. Rh8 Rxg5
40. Rxh7+ Kf6 41. Kf3 Rxg3+ 42. Ke4 Rg4+ 43. Kd5 Be7 44. Ne5 Rh4 45. Rf7+ Kg5
46. Rxe7 Kxh6 47. Re6 Rh1 48. Rxg6+ Kh7 49. Rg2 Rd1 50. Kc4 a6 51. Nd3 1-0

[Event "Icelandic Team Championship 2019-21 - 2"]
[Site "Reykjavik"]
[Date "2021.05.15"]
[Round "5.4"]
[White "Bjornsson, Sverrir Orn"]
[Black "Hjartarson, Bjarni"]
[Result "1-0"]
[WhiteElo "2126"]
[BlackElo "2090"]
[PlyCount "85"]
[EventDate "2019.10.04"]
[WhiteTeam "Skákdeild Hauka"]
[BlackTeam "Taflfélag Vestmannaeyja"]

1. d4 Nf6 2. c4 e6 3. Nc3 c5 4. d5 exd5 5. cxd5 d6 6. e4 g6 7. Nf3 Bg7 8. Nd2
O-O 9. Be2 Re8 10. O-O a6 11. a4 Nbd7 12. Qc2 Ne5 13. Ra3 Bg4 14. f3 Bd7 15. f4
Neg4 16. Nc4 Nh5 17. Bxg4 Bd4+ 18. Be3 Bxg4 19. Bxd4 cxd4 20. Nb1 Rc8 21. Qd3
b5 22. axb5 axb5 23. Na5 f5 24. Nc6 fxe4 25. Qxd4 Qf6 26. Re3 Qxd4 27. Nxd4 Nf6
28. Nxb5 Nxd5 29. Ree1 Rcd8 30. N1c3 Nxc3 31. bxc3 d5 32. h3 Bc8 33. Ra1 e3 34.
Rfe1 Bf5 35. Rad1 Re4 36. Rd4 Rxd4 37. Nxd4 Re8 38. g4 Bd3 39. Kg2 Rc8 40. Rxe3
Rxc3 41. Kf2 Ra3 42. Kg3 Kf7 43. Nc6 1-0

[Event "Icelandic Team Championship 2019-21 - 2"]
[Site "Reykjavik"]
[Date "2021.05.15"]
[Round "5.4"]
[White "Fridbertsson, Aegir"]
[Black "Helgason, Jon Thor"]
[Result "1-0"]
[WhiteElo "2087"]
[BlackElo "1670"]
[PlyCount "39"]
[EventDate "2019.10.04"]
[WhiteTeam "Taflfélag Vestmannaeyja"]
[BlackTeam "Skákdeild Hauka"]

1. d4 d5 2. c4 e6 3. Nf3 Nf6 4. e3 b6 5. b3 Ba6 6. Bd3 Bb4+ 7. Nbd2 Bc3 8. Rb1
c5 9. dxc5 bxc5 10. O-O O-O 11. Qc2 Qa5 12. e4 Nc6 13. exd5 exd5 14. cxd5 Nxd5
15. Nc4 Qc7 16. Bxh7+ Kh8 17. Qf5 Nce7 18. Qh3 Nf4 19. Bxf4 Qxf4 20. Be4+ 1-0

[Event "Icelandic Team Championship 2019-21 - 2"]
[Site "Reykjavik"]
[Date "2021.05.15"]
[Round "5.4"]
[White "Magnusson, Audbergur"]
[Black "Sverrisson, Nokkvi"]
[Result "0-1"]
[WhiteElo "1671"]
[BlackElo "2039"]
[PlyCount "74"]
[EventDate "2019.10.04"]
[WhiteTeam "Skákdeild Hauka"]
[BlackTeam "Taflfélag Vestmannaeyja"]

1. d4 Nf6 2. Nc3 d5 3. Bf4 g6 4. Nb5 Na6 5. e3 Bg7 6. Be2 c6 7. Nc3 Qb6 8. Rb1
h5 9. h3 Bf5 10. a3 Nd7 11. Nf3 O-O 12. Nh4 Be6 13. g4 hxg4 14. hxg4 c5 15.
dxc5 Qxc5 16. Qd3 d4 17. Nxg6 fxg6 18. Qxg6 Rf6 19. Qh7+ Kf8 20. Ne4 Qd5 21.
Nxf6 Nxf6 22. Qh4 Rc8 23. Bh6 dxe3 24. Bxg7+ Kxg7 25. Qh6+ Kf7 26. Bd3 exf2+
27. Kf1 Rg8 28. Rd1 Qe5 29. Rh2 Bxg4 30. Rxf2 Bxd1 31. Qh7+ Ke8 32. Bg6+ Kd8
33. Rd2+ Kc7 34. Qh6 Ng4 35. Qh5 Rf8+ 36. Kg1 Qg3+ 37. Rg2 Qe1# 0-1

[Event "Icelandic Team Championship 2019-21 - 2"]
[Site "Reykjavik"]
[Date "2021.05.15"]
[Round "6.1"]
[White "Hauksson, Hordur Aron"]
[Black "Thorsteinsson, Thorsteinn"]
[Result "0-1"]
[WhiteElo "1868"]
[BlackElo "2268"]
[PlyCount "78"]
[EventDate "2019.10.04"]
[WhiteTeam "Skákdeild Fjölnis-b"]
[BlackTeam "Taflfélag Vestmannaeyja"]

1. d4 d5 2. c4 e6 3. Nf3 Nf6 4. Nc3 Nbd7 5. Bg5 c6 6. e3 Qa5 7. Nd2 Bb4 8. Qc2
O-O 9. Bxf6 Nxf6 10. Bd3 c5 11. O-O cxd4 12. exd4 dxc4 13. Nxc4 Qc7 14. Rfe1
Bd7 15. Rac1 Rfc8 16. Ne5 Be8 17. a3 Bf8 18. Qd2 Qa5 19. Qf4 Qd8 20. Rcd1 Bxa3
21. Re2 Be7 22. g4 Rab8 23. Re3 b5 24. Rh3 g6 25. Rf3 b4 26. Ne4 Nd5 27. Qh6
Bf8 28. Qh3 f6 29. Bc4 Bg7 30. g5 f5 31. Bxd5 exd5 32. Nc5 Bxe5 33. Ne6 Qd7 34.
Re3 Bd6 35. Rde1 Bf7 36. Qh6 Bxe6 37. Rxe6 Bf8 38. Rxg6+ hxg6 39. Qxg6+ Bg7 0-1

[Event "Icelandic Team Championship 2019-21 - 2"]
[Site "Reykjavik"]
[Date "2021.05.15"]
[Round "6.1"]
[White "Gudmundsson, Kristjan"]
[Black "Finnbogadottir, Tinna Kristin"]
[Result "1-0"]
[WhiteElo "2236"]
[BlackElo "1829"]
[PlyCount "80"]
[EventDate "2019.10.04"]
[WhiteTeam "Taflfélag Vestmannaeyja"]
[BlackTeam "Skákdeild Fjölnis-b"]

1. e4 c5 2. Nf3 g6 3. d4 cxd4 4. Nxd4 Nf6 5. Nc3 Nc6 6. Nxc6 dxc6 7. Qxd8+ Kxd8
8. Bg5 Be6 9. O-O-O+ Ke8 10. h3 Bg7 11. Be2 h6 12. Be3 Nd7 13. Bd4 Kf8 14. f4
Bxd4 15. Rxd4 Nb6 16. Rhd1 Kg7 17. b3 Rhe8 18. Bf3 Rab8 19. Kb2 Na8 20. g4 f5
21. Na4 Nc7 22. Nc5 Bc8 23. gxf5 gxf5 24. Nd7 fxe4 25. Bh5 Bxd7 26. Rxd7 Nd5
27. Bxe8 Rxe8 28. Re1 Kf7 29. Rxb7 Nf6 30. Rxa7 Rd8 31. a4 Rd6 32. a5 Re6 33.
a6 c5 34. f5 Rb6 35. c4 Rd6 36. Kc2 Rb6 37. Ra1 Nh5 38. Rc7 e3 39. a7 e2 40.
a8=Q Rd6 1-0

[Event "Icelandic Team Championship 2019-21 - 2"]
[Site "Reykjavik"]
[Date "2021.05.15"]
[Round "6.1"]
[White "Hauksdottir, Hrund"]
[Black "Fridbertsson, Aegir"]
[Result "1/2-1/2"]
[WhiteElo "1753"]
[BlackElo "2087"]
[PlyCount "127"]
[EventDate "2019.10.04"]
[WhiteTeam "Skákdeild Fjölnis-b"]
[BlackTeam "Taflfélag Vestmannaeyja"]

1. e4 e6 2. d4 d5 3. exd5 exd5 4. Bd3 Nf6 5. Bf4 Be7 6. Nf3 O-O 7. O-O Bg4 8.
Nbd2 Nbd7 9. Re1 Re8 10. c3 Nf8 11. Qb3 Qc8 12. Re3 Ne6 13. Be5 c6 14. Qc2 Nf8
15. Rae1 Qd7 16. h3 Be6 17. Ng5 g6 18. f4 Nh5 19. Nxe6 fxe6 20. Nf3 Bd6 21.
Bxd6 Qxd6 22. Ne5 Ng7 23. Ng4 Kh8 24. Re5 c5 25. Nh6 Qc7 26. dxc5 Qxc5+ 27. Kh1
Nd7 28. Rg5 Nf5 29. Bxf5 exf5 30. Nf7+ Kg7 31. Ne5 Nxe5 32. fxe5 Rf8 33. Rg3
Rae8 34. Rd3 d4 35. e6 dxc3 36. Rxc3 Qd6 37. Rd3 Qb4 38. Rd7+ Re7 39. Red1 Rfe8
40. a3 Qa5 41. b4 Qe5 42. Qc4 g5 43. Qd4 Kf6 44. Qxa7 h5 45. Qxb7 g4 46. Rxe7
Rxe7 47. Qd5 Rxe6 48. Qxe5+ Rxe5 49. hxg4 hxg4 50. Kg1 Re3 51. Ra1 Ke6 52. Kf2
Rb3 53. Re1+ Kd5 54. Re3 Rb1 55. Kg3 Kd4 56. Kf2 f4 57. Re8 Rb2+ 58. Kf1 Ra2
59. Rd8+ Ke3 60. Re8+ Kd4 61. Rf8 Ke3 62. Re8+ Kd4 63. Rd8+ Ke3 64. Re8+
1/2-1/2

[Event "Icelandic Team Championship 2019-21 - 2"]
[Site "Reykjavik"]
[Date "2021.05.15"]
[Round "6.1"]
[White "Sverrisson, Nokkvi"]
[Black "Jonsson, Sveinbjorn"]
[Result "1-0"]
[WhiteElo "2039"]
[BlackElo "1706"]
[PlyCount "95"]
[EventDate "2019.10.04"]
[WhiteTeam "Taflfélag Vestmannaeyja"]
[BlackTeam "Skákdeild Fjölnis-b"]

1. e4 c5 2. Nf3 Nc6 3. d4 cxd4 4. Nxd4 d6 5. Nc3 a6 6. f4 Nf6 7. Be2 e6 8. Be3
Be7 9. Qd2 Qc7 10. O-O h5 11. f5 Ng4 12. fxe6 Bxe6 13. Bxg4 hxg4 14. Nd5 Bxd5
15. exd5 Ne5 16. Nf5 Bf6 17. Qb4 Kd7 18. Bb6 Qb8 19. Rae1 g6 20. Qa4+ Nc6 21.
Ng3 Be5 22. dxc6+ bxc6 23. Bd4 Bxd4+ 24. Qxd4 Qf8 25. Qxg4+ Kc7 26. Qg5 Re8 27.
Rxe8 Qxe8 28. Qa5+ Kb7 29. Re1 Qd7 30. Qb4+ Kc7 31. Qd4 Ra8 32. Ne4 Qe6 33. Qf6
Re8 34. Qxe6 fxe6 35. Kf2 a5 36. Ke3 e5 37. Rf1 d5 38. Ng5 Rb8 39. Rf7+ Kd6 40.
Rf6+ Kd7 41. b3 a4 42. Rxg6 axb3 43. axb3 c5 44. h4 Rh8 45. g3 Rf8 46. h5 Rh8
47. h6 e4 48. h7 1-0

[Event "Icelandic Team Championship 2019-21 - 2"]
[Site "Reykjavik"]
[Date "2021.05.15"]
[Round "6.1"]
[White "Finnsson, Johann Arnar"]
[Black "Andrason, Pall Snaedal"]
[Result "1/2-1/2"]
[WhiteElo "1747"]
[BlackElo "1860"]
[PlyCount "41"]
[EventDate "2019.10.04"]
[WhiteTeam "Skákdeild Fjölnis-b"]
[BlackTeam "Taflfélag Vestmannaeyja"]

1. g3 d5 2. Bg2 Nf6 3. Nf3 g6 4. c4 c6 5. cxd5 cxd5 6. O-O Bg7 7. d3 O-O 8. Qb3
Nc6 9. Nc3 Re8 10. Bg5 e6 11. Rfc1 h6 12. Bd2 Rb8 13. Nb5 a6 14. Nbd4 Bd7 15.
Rab1 e5 16. Nxc6 Bxc6 17. e3 Nd7 18. Nh4 Nf6 19. Nf3 Nd7 20. Nh4 Nf6 21. Nf3
1/2-1/2

[Event "Icelandic Team Championship 2019-21 - 2"]
[Site "Reykjavik"]
[Date "2021.05.15"]
[Round "6.1"]
[White "Thorsteinsson, Aron Ellert"]
[Black "Johannesson, Kristofer Joel"]
[Result "1-0"]
[WhiteElo "1812"]
[BlackElo "1430"]
[PlyCount "74"]
[EventDate "2019.10.04"]
[WhiteTeam "Taflfélag Vestmannaeyja"]
[BlackTeam "Skákdeild Fjölnis-b"]

1. d4 d5 2. c4 c6 3. Nc3 Nf6 4. Nf3 e6 5. cxd5 cxd5 6. Bg5 Be7 7. e3 O-O 8. Bd3
Nbd7 9. O-O a6 10. a4 Nb6 11. Qb3 h6 12. Bh4 Nbd7 13. Rac1 Nh5 14. Bxe7 Qxe7
15. g4 Nhf6 16. h3 Qd6 17. Rfd1 e5 18. e4 exd4 19. Nxd5 Nxd5 20. Qxd5 Qxd5 21.
exd5 Nb6 22. Bc2 Nxd5 23. Rxd4 Nf6 24. Bb3 b5 25. a5 Ra7 26. Ne5 Be6 27. Bxe6
fxe6 28. Rc6 h5 29. Rxe6 hxg4 30. hxg4 Rc8 31. Kg2 Rc2 32. g5 Re2 33. Rd8+ Kh7
34. g6+ Kh6 35. Rh8+ Kg5 36. Nf3+ Kg4 37. Rxe2 Nd5 1-0

[Event "Icelandic Team Championship 2019-21 - 2"]
[Site "Reykjavik"]
[Date "2021.05.15"]
[Round "6.2"]
[White "Viglundsson, Bjorgvin"]
[Black "Karlsson, Agust S"]
[Result "1/2-1/2"]
[WhiteElo "2197"]
[BlackElo "2275"]
[PlyCount "110"]
[EventDate "2019.10.04"]
[WhiteTeam "Skákdeild KR"]
[BlackTeam "Skákdeild Hauka"]

1. d4 d5 2. c4 e6 3. Nf3 Nf6 4. Nc3 c6 5. e3 Nbd7 6. Qc2 Bd6 7. b3 O-O 8. Bb2
Qa5 9. Be2 Ne4 10. O-O f5 11. Rac1 Rf6 12. c5 Bb8 13. Nxe4 fxe4 14. Ne5 Nxe5
15. dxe5 Rf5 16. f4 exf3 17. Rxf3 Rxf3 18. gxf3 Qd8 19. f4 Bd7 20. Bd3 Qh4 21.
Kh1 Bc7 22. Rg1 Rf8 23. Rg3 Be8 24. Qg2 g6 25. Bc3 Qe7 26. b4 a5 27. a3 Bf7 28.
Qb2 Ra8 29. Bd4 axb4 30. axb4 Qd8 31. b5 cxb5 32. Qxb5 Ra3 33. Be2 Ra2 34. Rg2
Qa8 35. Qb1 Bd8 36. h3 Be7 37. Kh2 Be8 38. Qb6 Bc6 39. Qb1 Kf7 40. Kg3 Ra5 41.
h4 Bxc5 42. h5 Bxd4 43. hxg6+ hxg6 44. exd4 Ra1 45. Qb6 Qa5 46. Qxa5 Rxa5 47.
Bg4 Ke7 48. Kh4 Ra4 49. Kg5 Rxd4 50. Rh2 Be8 51. Rh7+ Bf7 52. Rh8 Rc4 53. Rb8
Rc7 54. Be2 d4 55. Bd3 Be8 {unreadable} 1/2-1/2

[Event "Icelandic Team Championship 2019-21 - 2"]
[Site "Reykjavik"]
[Date "2021.05.15"]
[Round "6.2"]
[White "Asgeirsson, Heimir"]
[Black "Baldursson, Hrannar"]
[Result "1/2-1/2"]
[WhiteElo "2202"]
[BlackElo "2130"]
[PlyCount "111"]
[EventDate "2019.10.04"]
[WhiteTeam "Skákdeild Hauka"]
[BlackTeam "Skákdeild KR"]

1. d4 c5 2. d5 f5 3. c4 g6 4. g3 d6 5. Bg2 Nf6 6. Nc3 Bg7 7. e4 fxe4 8. Nxe4
Nxe4 9. Bxe4 O-O 10. Ne2 Nd7 11. O-O Ne5 12. Qb3 b6 13. Bd2 Bd7 14. Nf4 Qe8 15.
a4 Rb8 16. Bc3 g5 17. Bxe5 Bxe5 18. Ne6 Bxe6 19. dxe6 Qh5 20. f3 Rf6 21. Qc2
Rbf8 22. a5 Kg7 23. axb6 axb6 24. Bd5 Rxf3 25. Bxf3 Rxf3 26. Rxf3 Qxf3 27. Qg2
Qxg2+ 28. Kxg2 Kf6 29. Ra2 Kxe6 30. b3 Bf6 31. Ra6 Ke5 32. Rxb6 h5 33. Kf3 Kd4
34. h3 Kd3 35. Rb8 Kd4 36. Rg8 e6 37. Re8 Ke5 38. Ke3 Kf5 39. Rc8 Bd4+ 40. Kd3
g4 41. hxg4+ Kxg4 42. Rg8+ Kf3 43. b4 Be5 44. bxc5 dxc5 45. Rg5 Bxg3 46. Rxh5
e5 47. Rh3 e4+ 48. Kc2 e3 49. Kd3 e2 50. Rxg3+ Kxg3 51. Kxe2 Kf4 52. Kd3 Kf3
53. Kd2 Ke4 54. Ke2 Kd4 55. Kd2 Kxc4 56. Kc2 1/2-1/2

[Event "Icelandic Team Championship 2019-21 - 2"]
[Site "Reykjavik"]
[Date "2021.05.15"]
[Round "6.2"]
[White "Bergthorsson, Jon Thor"]
[Black "Bjornsson, Sverrir Orn"]
[Result "1/2-1/2"]
[WhiteElo "2143"]
[BlackElo "2126"]
[PlyCount "40"]
[EventDate "2019.10.04"]
[WhiteTeam "Skákdeild KR"]
[BlackTeam "Skákdeild Hauka"]

1. Nf3 Nf6 2. d4 e6 3. c4 Bb4+ 4. Bd2 Qe7 5. Nc3 b6 6. e3 Bb7 7. Bd3 O-O 8. Qc2
d5 9. a3 Bxc3 10. Bxc3 Nbd7 11. b4 dxc4 12. Bxc4 Be4 13. Bd3 Bxd3 14. Qxd3 c5
15. bxc5 bxc5 16. O-O Rfc8 17. Rfc1 Nd5 18. Bd2 cxd4 19. exd4 Qd6 20. h3 h6
1/2-1/2